| 000 | 01127nam a2200265Ia 4500 | ||
|---|---|---|---|
| 999 |
_c50945 _d50945 |
||
| 001 | 17902 | ||
| 003 | GE_BSU | ||
| 005 | 20200228113935.0 | ||
| 008 | 181216s1949ge xx |||||||||||||| ||geo|| | ||
| 040 | _cGE_BSU | ||
| 041 | _ageo | ||
| 080 | _a821.353.1-32 ჭ-15 | ||
| 100 |
_aჭავჭავაძე, ი. (ილია, 1837-1907) _97595 |
||
| 245 |
_aმოთხრობები / _cი. ჭავჭავაძე ; რედ .თ.აბაშმაძე ; მხ. ვლ. ავალიანი. |
||
| 264 |
_aთბილისი : _bსაბლიტგამი, _c1949. |
||
| 300 |
_a184 გვ. ; _c18 სმ. |
||
| 653 | _aგლახის ნაამბობი | ||
| 653 | _aმგზავრის წერილები | ||
| 653 | _aმოთხრობები | ||
| 653 | _aოთარაანთ ქვრივი | ||
| 653 | _aქართული ლიტერატურა | ||
| 700 |
_aაბაშმაძე, .თ. _eრედაქტორი _97618 |
||
| 700 |
_aავალიანი, ვლ _eმხატვარი _97619 |
||
| 942 |
_cBK _2udc |
||